000 00338nam a2200133Ia 4500
008 100328s9999 xx 000 0 und d
082 _b55842
100 _aकुलकर्णी पद्मा
245 _aकिथी
260 _bप्राजक्त
630 _aकिथी
730 _aकिथी
942 _cBOOK
999 _c542460
_d542457